000 00500nam a2200193Ia 4500
005 20250224035226.0
008 240331s9999 xx 000 0 und d
020 _a9559194046
082 _bPUS
_23315
_a954.93
100 _aPushparatnam, P
245 0 _aPunakary:
_bAn Archaeological Survey
260 _aThirunelvely
_bUniversity of Jaffna Publications
_c1993
300 _a214 p.,
650 _aArchaeology
650 _aOccupation
650 _aAnthropology
650 _aHistory
942 _cL
999 _c4247
_d4247